Historia medieval (Record no. 187034)

MARC details
000 -LEADER
campo de control de longitud fija 01018nam a2200265 i 4500
001 - NÚMERO DE CONTROL
campo de control 187034
003 - IDENTIFICADOR DE NÚMERO DE CONTROL
campo de control ES-MaACL
005 - FECHA Y HORA DE LA ÚLTIMA TRANSACCIÓN
campo de control 20250829062536.0
008 - DATOS DE LONGITUD FIJA--INFORMACIÓN GENERAL
campo de control de longitud fija 170403s1989 sp be |||| | spa d
022 ## - NÚMERO INTERNACIONAL NORMALIZADO PARA PUBLICACIONES SERIADAS
Número Internacional Normalizado para Publicaciones Seriadas 0214-9745
080 ## - NÚMERO DE LA CLASIFICACIÓN DECIMAL UNIVERSAL
Número de la Clasificación Decimal Universal 94(460)"0414/1474"
245 00 - MENCIÓN DEL TÍTULO
Título Historia medieval
Resto del título : homenaje al profesor Eloy Benito Ruano.
260 ## - PUBLICACIÓN, DISTRIBUCIÓN, ETC.
Lugar de publicación, distribución, etc. Madrid :
Nombre del editor, distribuidor, etc. UNED,
Fecha de publicación, distribución, etc. 1989.
300 ## - DESCRIPCIÓN FÍSICA
Extensión 251 p. :
Otras características físicas mapas, 1 plano ;
Dimensiones 24 cm.
490 1# - MENCIÓN DE SERIE
Mención de serie Historia medieval ;
Designación de volumen o secuencia 2
504 ## - NOTA DE BIBLIOGRAFÍA, ETC.
Nota de bibliografía, etc. Referencias bibliográficas.
594 ## - Nota al título y mención de responsabilidad
Nota al título y mención de responsabilidad Tít. tomado de cub.
595 ## -
-- N. homenaje a E. Benito Ruano de la revista Espacio, tiempo y forma: revista de la Facultad de Geografía e Historia de la UNED, serie III, t. 2, 1989.
600 14 - PUNTO DE ACCESO ADICIONAL DE MATERIA--NOMBRE DE PERSONA
Nombre de persona Benito Ruano, Eloy-
Subdivisión de forma Homenajes.
9 (RLIN) 27690
651 #4 - PUNTO DE ACCESO ADICIONAL DE MATERIA--NOMBRE GEOGRÁFICO
Nombre geográfico España-
Subdivisión general Historia-
Subdivisión cronológica 0414-1474, Edad media.
9 (RLIN) 8214
710 2# - ENTRADA AGREGADA--NOMBRE DE ENTIDAD CORPORATIVA
Nombre de entidad corporativa o nombre de jurisdicción como elemento de entrada Universidad Nacional de Educación a Distancia (España)
9 (RLIN) 7405
830 0# - PUNTO DE ACCESO ADICIONAL DE SERIE-TÍTULO UNIFORME
Título uniforme Historia medieval ;
Designación de volumen o secuencia 2
9 (RLIN) 177825
852 ## - LOCALIZACIÓN
Ubicación ES-MaACL
Número de control de estantería L-31355
Holdings
Estatus retirado Estado de pérdida Estado de daño No para préstamo Biblioteca de origen Biblioteca actual Ubicación en estantería Fecha de adquisición Fuente de adquisición Total de préstamos Signatura topográfica completa Código de barras Visto por última vez Precio de reemplazo Tipo de ítem Koha
        Biblioteca del Ateneo de Madrid Biblioteca del Ateneo de Madrid Depósito 2 03/04/2017     L-31355 1197318 23/02/2023 23/02/2023 Libro impreso